00980nam a2200193 a 450000100100000000500170001000800410002702000180006804000250008624501720011126000790028330000270036270000240038970000300041395201100044395201110055395201050066499900170076900003955120201002031711.0130708s2012 dr ac 000 0 spa d a9789945872873 aDO-SdBNPbspacBNPHU00aAnálisis crítico de situación de especies exóticas invasoras :bestado actual y manejo /cdirección técnica Carlos Rijo ; colaboración Cynthia Álvarez. aSanto Domingo :bMinisterio de Medio Ambiente y Recursos Naturales,c2012. a45 p. :bil. ;c28 cm.1 aRijo, Carlos9657171 aÁlvarez, Cynthia965718 0010718DSaGRbGRcCTd2013-07-08iLF1l0o p39551-30r2020-06-25te.3w2020-06-25yLFDSZNo se presta 0010718PDaPDbPDcCTd2013-07-08iLF1l0o p39551-10r2020-06-25te. 2w2020-06-25yLFPDZNo se presta 0010718PDaPDbPDcCTd2013-07-08iLF1l0o p39551-20r2020-06-25w2020-06-25yLFPDZNo se presta c39041d39041